Ilegitimidad del estado en Colombia : (Registro nro. 5108)
[ vista simple ]
| 000 -LEADER | |
|---|---|
| fixed length control field | 01203nam a2200289Ia 4500 |
| 003 - CONTROL NUMBER IDENTIFIER | |
| control field | OSt |
| 005 - DATE AND TIME OF LATEST TRANSACTION | |
| control field | 20200326172551.0 |
| 008 - FIXED-LENGTH DATA ELEMENTS--GENERAL INFORMATION | |
| fixed length control field | 191128s2003 ck gr 000 0 spa d |
| 020 ## - INTERNATIONAL STANDARD BOOK NUMBER | |
| International Standard Book Number | 9586821927 |
| 040 ## - CATALOGING SOURCE | |
| Original cataloging agency | CO-JMCR |
| Transcribing agency | CO-JMCR |
| 041 0# - LANGUAGE CODE | |
| Language code of text/sound track or separate title | spa |
| 082 04 - DEWEY DECIMAL CLASSIFICATION NUMBER | |
| Classification number | 320.1 / |
| Item number | P671i |
| Edition number | 21 |
| 100 1# - MAIN ENTRY--PERSONAL NAME | |
| Personal name | Posada Carbó, Eduardo, |
| Relator term | autor |
| 9 (RLIN) | 1999 |
| 245 10 - TITLE STATEMENT | |
| Title | Ilegitimidad del estado en Colombia : |
| Remainder of title | sobre los abusos de un concepto / |
| Statement of responsibility, etc. | Eduardo Posada Carbó |
| 250 ## - EDITION STATEMENT | |
| Edition statement | Primera edición |
| 260 ## - PUBLICATION, DISTRIBUTION, ETC. | |
| Place of publication, distribution, etc. | Bogotá : |
| Name of publisher, distributor, etc. | Alfaomega, |
| Date of publication, distribution, etc. | 2003 |
| 300 ## - PHYSICAL DESCRIPTION | |
| Extent | xii, 49 páginas ; |
| Dimensions | 21 cm |
| 490 0# - SERIES STATEMENT | |
| Series statement | Libros de Cambio |
| 504 ## - BIBLIOGRAPHY, ETC. NOTE | |
| Bibliography, etc. note | Bibliografía: páginas 43-49 |
| 505 0# - FORMATTED CONTENTS NOTE | |
| Formatted contents note | La ilegitimidad y sus amigos -- Una realidad no tan simple -- El príncipe sin palacio -- Conclusiones: contra el cinismo |
| 520 ## - SUMMARY, ETC. | |
| Summary, etc. | En este ensayo, Eduardo Posada Carbó examina la difundida idea, entre diversos formadores de opinión, que sugiere que el Estado colombiano es "ilegítimo". |
| 650 14 - SUBJECT ADDED ENTRY--TOPICAL TERM | |
| Topical term or geographic name entry element | Estado y sociedad |
| 9 (RLIN) | 1954 |
| 650 14 - SUBJECT ADDED ENTRY--TOPICAL TERM | |
| Topical term or geographic name entry element | Soberanía |
| General subdivision | Ensayos, conferencias, etc. |
| Geographic subdivision | Colombia |
| 9 (RLIN) | 2000 |
| 650 14 - SUBJECT ADDED ENTRY--TOPICAL TERM | |
| Topical term or geographic name entry element | Legitimidad de los gobiernos |
| General subdivision | Ensayos, conferencias, etc. |
| 9 (RLIN) | 2001 |
| 650 14 - SUBJECT ADDED ENTRY--TOPICAL TERM | |
| Topical term or geographic name entry element | Democracia y poder |
| 9 (RLIN) | 2002 |
| 942 ## - ADDED ENTRY ELEMENTS (KOHA) | |
| Source of classification or shelving scheme | Dewey Decimal Classification |
| Koha item type | Books |
| Withdrawn status | Lost status | Source of classification or shelving scheme | Damaged status | Not for loan | Collection code | Home library | Current library | Date acquired | Source of acquisition | Cost, normal purchase price | Total Checkouts | Full call number | Barcode | Date last seen | Copy number | Koha item type |
|---|---|---|---|---|---|---|---|---|---|---|---|---|---|---|---|---|
| Dewey Decimal Classification | Non-fiction | Biblioteca Pública José María del Castillo y Rada | Biblioteca Pública José María del Castillo y Rada | 04/15/2018 | Donación | 0.00 | 320.1 / P671i | 430001314 | 05/16/2024 | Ej.1 | Books |